Countries that Blocked Twitter - Statistics

General Stats
  • This quiz has been taken 40 times
  • The average score is 6 of 13
Answer Stats
Date Country % Correct
Current China
93%
Current North Korea
93%
Current Russia
89%
Current Iran
82%
2014 Turkey
46%
2021 Pakistan
43%
Current Myanmar
39%
2007 United Arab Emirates
39%
Current Turkmenistan
36%
2011 Egypt
32%
Current Uzbekistan
25%
2021-22 Nigeria
18%
2021 Uganda
4%
No matching quizzes found
Score Distribution
Percent of People with Each Score
Percentile by Number Answered
Your Score History
You have not taken this quiz